000 00280nam a22001217a 4500
008 180807b xxu||||| |||| 00| 0 eng d
082 _a813.52
245 _aInvation to public speaking
_cGRIFFIN.C
260 _c2004
300 _a1
_fCD
440 _x0534579248
942 _2ddc
_cMX
999 _c46909
_d46909